000 00454nam a2200181Ia 4500
001 3542
005 20260306145651.0
008 260306t1957||||xx |||||||||||||| ||spa||
041 _aESP
082 _a289
_bA122
100 _aAcción Social Patronal
_eAUT
245 0 _aLa cogestíon en la empresa según la doctrina pontificia
260 _c1957
300 _a113 páginas :
_c19 cm.
650 _aGEN
654 _aCHU
942 _cLIB
_dJUS
_fJUS
_2ddc
_n
999 _c3542
_d3542